000 00578nam a2200193Ia 4500
005 20250508155612.0
008 008 250505s9999 xx 000 0 eng d
037 _aDissertations
040 _aFEDL
_beng
_cFEDL
041 _aeng
_2eng
084 _a155.5, MIS/DI
_qFEDL
100 _aMisra B C
_9767149
245 0 _aInvestigation into the group norms on inter-personal relationship of adolescent boys
260 _c1968
300 _a93p.
546 _aM.Ed. Dissertation (Delhi University)
942 _cDIS
_h155.5, MIS/DI
999 _c1358150
_d1358150